[Event "Team men PL chess 2021"]
[Site "?"]
[Date "2021.05.07"]
[Round "6.16"]
[White "Makhmutov, Rail"]
[Black "Zvjaginsev, Vadim"]
[Result "1/2-1/2"]
[WhiteElo "2450"]
[BlackElo "2614"]
[PlyCount "92"]
[EventDate "2021.??.??"]

1.d4 d5 2.c4 e6 3.Nf3 a6 4.Bg5 Nf6 5.cxd5 exd5 6.e3 Be7 7.Qc2
h6 8.Bh4 Be6 9.h3 g5 10.Bg3 Ne4 11.Be5 f6 12.Bh2 c5 13.Nc3 Nc6
14.Be2 Bf5 15.Qc1 cxd4 16.exd4 Rc8 17.O-O Bb4 18.Qe3 O-O 19.Nd2
Re8 20.Ndxe4 Bxe4 21.Qd2 Na5 22.Rfe1 Nc4 23.Bxc4 dxc4 24.a3 Bxc3
25.bxc3 Qd5 26.f3 Bg6 27.Rxe8+ Rxe8 28.Re1 Kg7 29.Rxe8 Bxe8 30.Qe1
Bf7 31.Qe7 Qb5 32.Qb4 Qxb4 33.axb4 Bd5 34.Bg3 Kf7 35.h4 Ke6 36.hxg5
fxg5 37.Kf2 Kd7 38.Be5 b6 39.Bg7 h5 40.Bh6 g4 41.fxg4 hxg4 42.g3
a5 43.bxa5 bxa5 44.Ke3 Ke6 45.Bf8 Kf5 46.Bc5 Bc6 1/2-1/2

[Event "Team men PL chess 2021"]
[Site "?"]
[Date "2021.05.07"]
[Round "6.17"]
[White "Rublevsky, Sergei"]
[Black "Samusenko, Maksim"]
[Result "1-0"]
[WhiteElo "2642"]
[BlackElo "2469"]
[PlyCount "183"]
[EventDate "2021.??.??"]

1.e4 d6 2.d4 Nf6 3.Nc3 g6 4.Bg5 Bg7 5.Qd2 h6 6.Bh4 O-O 7.O-O-O
c6 8.Kb1 b5 9.e5 dxe5 10.dxe5 Qxd2 11.Rxd2 Ng4 12.f4 g5 13.fxg5
Nxe5 14.Nf3 Nbd7 15.Be2 Re8 16.Re1 Ng6 17.gxh6 Bxh6 18.Bg5 Bxg5
19.Nxg5 Nde5 20.Bh5 Rf8 21.Nce4 Kg7 22.Nc5 Rh8 23.Bxg6 Nxg6 24.g3
f6 25.Nf3 Bg4 26.Nd4 Kf7 27.Nd3 Rac8 28.h4 Rhd8 29.Re4 c5 30.Nxb5
Bf5 31.Ree2 a6 32.Nc3 c4 33.Nb4 Rxd2 34.Rxd2 Ne5 35.Rf2 a5 36.Nbd5
Bh7 37.Ne3 Rg8 38.Ne2 Be4 39.Kc1 Ke8 40.Kd2 Bf3 41.Nf5 Kd7 42.Nfd4
Bd5 43.Rf4 Ng4 44.Nf5 e5 45.Rxg4 Rxg4 46.Ne3 c3+ 47.bxc3 Ra4
48.Nxd5 Ke6 49.Nc7+ Kd7 50.h5 Rxa2 51.h6 Rb2 52.Ne8 Rb8 53.Nxf6+
Ke7 54.Ng4 Ke6 55.c4 a4 56.Nc3 a3 57.c5 Rc8 58.Ne3 Rxc5 59.h7
Rc8 60.Nc4 Rh8 61.Nxa3 Rxh7 62.Nab5 Rb7 63.Kd3 Rd7+ 64.Ke3 Rb7
65.Ke2 Rb8 66.Nc7+ Kd6 67.N7d5 Rc8 68.Kd3 Ke6 69.Ne3 Rd8+ 70.Ke2
Rd4 71.Kf3 Kf6 72.Ne4+ Ke6 73.c3 Rd8 74.Ng5+ Kf6 75.Ne4+ Ke6
76.c4 Rc8 77.Ng5+ Kf6 78.Ne4+ Ke6 79.Ke2 Rd8 80.Nc5+ Kf6 81.Ne4+
Ke6 82.Nc3 Rd4 83.Ncd5 e4 84.g4 Kf7 85.c5 Ra4 86.c6 Ra2+ 87.Ke1
Ra5 88.c7 Rc5 89.Kf2 Ke6 90.Kg3 Ke5 91.g5 Rc6 92.Kg4 1-0

[Event "Team men PL chess 2021"]
[Site "?"]
[Date "2021.05.07"]
[Round "6.18"]
[White "Faizrakhmanov, Ramil"]
[Black "Sychev, Klementy"]
[Result "1/2-1/2"]
[WhiteElo "2487"]
[BlackElo "2558"]
[PlyCount "49"]
[EventDate "2021.??.??"]

1.d4 Nf6 2.c4 g6 3.Nc3 d5 4.cxd5 Nxd5 5.e4 Nxc3 6.bxc3 Bg7 7.Nf3
c5 8.Bb5+ Nc6 9.d5 Qa5 10.Rb1 Bxc3+ 11.Bd2 a6 12.Bxc6+ bxc6 13.dxc6
Be6 14.Rc1 Bb4 15.O-O Bxd2 16.Qxd2 Qxd2 17.Nxd2 O-O-O 18.Nb3
Bxb3 19.axb3 Rd6 20.Rxc5 Kc7 21.Ra1 Rb8 22.e5 Rxc6 23.Rxc6+ Kxc6
24.Rxa6+ Kd5 25.f4 1/2-1/2

[Event "Team men PL chess 2021"]
[Site "?"]
[Date "2021.05.07"]
[Round "6.19"]
[White "Vitiugov, Nikita"]
[Black "Motylev, Alexander"]
[Result "1-0"]
[WhiteElo "2715"]
[BlackElo "2641"]
[PlyCount "97"]
[EventDate "2021.??.??"]

1.e4 e5 2.Bc4 Nf6 3.Nc3 Nxe4 4.Qh5 Nd6 5.Bb3 Be7 6.Qxe5 O-O 7.Nf3
c6 8.d4 Ne8 9.d5 d6 10.Qf4 Nd7 11.O-O Nc5 12.Be3 Nxb3 13.axb3
c5 14.b4 h6 15.Rfd1 b6 16.bxc5 bxc5 17.Nd2 f5 18.Qc4 Kh8 19.Nb3
a5 20.Bd2 Bd7 21.Ra3 Bf6 22.Rda1 Bxc3 23.Bxc3 a4 24.Nd2 {%08DA}
Nc7 ( 24...f4 ) 25.Qf4 Kh7 26.Qxd6 Nb5 27.Qg3 Rf7 28.R3a2 Nc7
29.d6 Nb5 30.Be5 Nd4 31.Bxd4 cxd4 32.Qe5 Rc8 33.b3 Qf6 34.Qxf6
Rxf6 35.bxa4 Rxd6 36.Nf3 Bc6 37.a5 Bxf3 38.gxf3 Ra6 39.Kf1 Rc3
40.Ke2 f4 41.Rd1 Rc4 42.Kd3 Rc5 43.Rda1 Rd5 44.Ke4 Rd8 45.Ra4
Re6+ 46.Kd3 Red6 47.Rc4 Rd5 48.a6 R5d7 49.Raa4 1-0

[Event "Team men PL chess 2021"]
[Site "?"]
[Date "2021.05.07"]
[Round "6.20"]
[White "Goryachkina, Aleksandra"]
[Black "Alekseenko, Kirill"]
[Result "1/2-1/2"]
[WhiteElo "2593"]
[BlackElo "2699"]
[PlyCount "88"]
[EventDate "2021.??.??"]

1.d4 Nf6 2.c4 e6 3.Nf3 h6 4.g3 Bb4+ 5.Bd2 Be7 6.Bg2 d5 7.O-O
Nbd7 8.Qc2 c6 9.Nc3 dxc4 10.a4 Nd5 11.a5 O-O 12.Nd1 c5 13.Ne3
N7f6 14.Nxc4 Bd7 15.e4 Nb4 16.Bxb4 cxb4 17.Nfe5 Bb5 18.Rfd1 Rc8
19.Qb3 Qc7 20.Ne3 Rfd8 21.h4 Rxd4 22.Rxd4 Qxe5 23.Rxb4 Bxb4 24.Qxb4
Bc6 25.Rc1 a6 26.Rc5 Qb8 27.Rc3 Rd8 28.Rc1 Qe5 29.Rc5 Qb8 30.Rc1
h5 31.Rc3 Qc7 32.Rc2 Qb8 33.Rc3 e5 34.Rc4 g6 35.Qe7 Kg7 36.Qc5
Rd2 37.Rc2 Rxc2 38.Qxc2 Qd6 39.f3 Nd7 40.Qc3 f6 41.b4 Nf8 42.Bh3
Ne6 43.Bxe6 Qxe6 44.Qc5 Qb3 1/2-1/2

[Event "Team men PL chess 2021"]
[Site "?"]
[Date "2021.05.07"]
[Round "6.21"]
[White "Esipenko, Andrey"]
[Black "Kobalia, Mikhail"]
[Result "1-0"]
[WhiteElo "2701"]
[BlackElo "2587"]
[PlyCount "63"]
[EventDate "2021.??.??"]

1.d4 Nf6 2.c4 e6 3.Nf3 d5 4.g3 Bb4+ 5.Nc3 dxc4 6.Bg2 Nc6 7.O-O
O-O 8.a3 Be7 9.e4 Rb8 10.Be3 b5 11.Qe2 Na5 12.Rad1 Bb7 13.Ne5
Qc8 14.g4 b4 15.axb4 Bxb4 16.g5 Nd7 17.Ng4 f5 18.gxf6 Nxf6 19.Nxf6+
Rxf6 20.Bg5 Rf7 21.d5 e5 22.f4 h6 {%08DA} 23.fxe5 ( 23.Bh4 Rxf4
24.Rxf4 exf4 25.Bf2 ) Rxf1+ 24.Rxf1 hxg5 25.e6 Qd8
( 25...Qe8 26.Rf7 Nc6 27.Qxc4 Bc8 ) 26.Qh5 Qe7 27.Rf7 Qc5+ 28.Kh1
Bxc3 29.Rf3 {%08DA} Be1 ( 29...Rf8 30.Rh3 ) ( 29...Qe7 30.bxc3
Bc8 31.Rf7 Rb1+ 32.Bf1 Rxf1+ 33.Rxf1 Bxe6 34.dxe6 Qxe6 35.Qxg5
Qxe4+ 36.Qg2 Qe6 ) 30.Qf7+ Kh8 31.e7 Qd6 ( 31...Bc6 32.dxc6 Qxc6
33.Qf8+ ) 32.e8Q+ 1-0

[Event "Team men PL chess 2021"]
[Site "?"]
[Date "2021.05.07"]
[Round "6.22"]
[White "Murzin, Volodar"]
[Black "Fedoseev, Vladimir"]
[Result "0-1"]
[WhiteElo "2478"]
[BlackElo "2687"]
[PlyCount "116"]
[EventDate "2021.??.??"]

1.e4 c5 2.Nf3 d6 3.d4 cxd4 4.Qxd4 Nc6 5.Qe3 g6 6.Be2 Bg7 7.O-O
Nh6 8.h3 O-O 9.Rd1 Bd7 10.c4 b6 11.Bd2 f6 12.Nc3 Rc8 13.Nd5 Nf7
14.Bc3 e6 15.Nb4 Ne7 16.Nd4 Bh6 17.Qg3 a5 18.Nbc2 e5 19.Nb5 Bxb5
20.cxb5 d5 21.exd5 Nf5 22.Qd3 N5d6 23.Bd2 Bxd2 24.Qxd2 Ne4 25.Qd3
Nfd6 26.Ne1 f5 27.Nf3 Re8 28.Rac1 Nc5 29.Qd2 f4 30.Bf1 Qf6 31.Re1
Kg7 32.Qc3 Nde4 33.Qc2 h6 34.b3 Nd6 35.Qb2 e4 36.Qxf6+ Kxf6 37.Nd4
Re5 38.Red1 e3 39.fxe3 Rxe3 40.Nc6 Nce4 41.Rd4 g5 42.Rd3 Nf5
43.a4 h5 44.b4 axb4 45.a5 bxa5 46.b6 Nfd6 47.Rxe3 fxe3 48.Ba6
Re8 49.Nxa5 Ra8 50.Rc6 Rxa6 51.b7 e2 52.Rxa6 e1Q+ 53.Kh2 Qg3+
54.Kg1 Nd2 55.Kh1 Qe1+ 56.Kh2 Nf1+ 57.Kg1 Ng3+ 58.Kh2 h4 0-1

[Event "Team men PL chess 2021"]
[Site "?"]
[Date "2021.05.07"]
[Round "6.23"]
[White "Sakaev, Konstantin"]
[Black "Savchenko, Boris"]
[Result "0-1"]
[WhiteElo "2604"]
[BlackElo "2538"]
[PlyCount "62"]
[EventDate "2021.??.??"]

1.d4 Nf6 2.c4 g6 3.Nc3 d5 4.cxd5 Nxd5 5.Bd2 Nb6 6.Bf4 Bg7 7.Nf3
O-O 8.Be5 Bh6 9.e3 Be6 10.h4 N8d7 11.Bg3 Nf6 12.Ng5 Bc4 13.Bxc4
Nxc4 14.Qe2 Nd6 15.e4 b5 16.Bxd6 cxd6 17.Qxb5 Rb8 18.Qe2 Qb6
19.e5 Nh5 20.O-O Qxd4 21.exd6 Ng3 22.Qf3 Bxg5 23.Rad1 Qxh4 24.fxg3
Qh6 25.dxe7 Bxe7 26.Qf2 Rbc8 27.Rd5 Bg5 28.Re5 f5 29.Qxa7 f4
30.Ne4 fxg3 31.Nxg3 Bf4 0-1

[Event "Team men PL chess 2021"]
[Site "?"]
[Date "2021.05.07"]
[Round "6.24"]
[White "Demidov, Mikhail"]
[Black "Goganov, Aleksey"]
[Result "0-1"]
[WhiteElo "2523"]
[BlackElo "2582"]
[PlyCount "142"]
[EventDate "2021.??.??"]

1.Nf3 d5 2.g3 g6 3.Bg2 Bg7 4.d4 Nf6 5.c4 c6 6.O-O O-O 7.Qb3 Qb6
8.Nc3 Rd8 9.c5 Qxb3 10.axb3 Na6 11.h3 Nd7 12.Bg5 f6 13.Bd2 e5
14.e3 e4 15.Ne1 f5 16.Nc2 Nc7 17.Ra2 Rf8 18.b4 a6 19.Na1 Rb8
20.Nb3 Ne6 21.Rfa1 g5 22.Rf1 Bf6 23.f3 Bd8 24.fxe4 fxe4 25.Ne2
Bc7 26.Raa1 Nf6 27.Rf2 Bd7 28.Na5 Kg7 29.Raf1 h5 30.Rf5 Kg6 31.h4
Bxa5 32.bxa5 Ng4 33.Rxf8 Rxf8 34.Rxf8 Nxf8 35.hxg5 Kxg5 36.Nf4
Nh6 37.Be1 Bg4 38.Bf2 Nf5 39.Kf1 Kf6 40.Ke1 Nh7 41.b4 Ng5 42.Kd2
Ne6 43.Ne2 Ng5 44.Nf4 Ng7 45.Bf1 N7e6 46.Bg2 Nxf4 47.exf4 Ne6
48.Be3 Ng7 49.Ke1 Nf5 50.Kf2 Kf7 51.Bf1 Kg6 52.Bg2 h4 53.gxh4
Kh5 54.Bf1 Kxh4 55.Bg2 Bh3 56.Bh1 Kg4 57.b5 cxb5 58.Bxe4 dxe4
59.d5 b4 60.d6 Ng7 61.d7 Ne6 62.Ke2 Kf5 63.c6 bxc6 64.Bb6 Kf6
65.d8Q+ Nxd8 66.Bxd8+ Ke6 67.Ke3 Kd5 68.Be7 c5 69.Bf8 Bf5 70.Be7
Kc4 71.Kd2 Kb5 0-1

[Event "Team men PL chess 2021"]
[Site "?"]
[Date "2021.05.08"]
[Round "7.1"]
[White "Artemiev, Vladislav"]
[Black "Vitiugov, Nikita"]
[Result "1/2-1/2"]
[WhiteElo "2709"]
[BlackElo "2715"]
[PlyCount "127"]
[EventDate "2021.??.??"]

1.c4 Nf6 2.Nf3 g6 3.b3 Bg7 4.Bb2 O-O 5.g3 d6 6.Bg2 e5 7.d3 Re8
8.O-O e4 9.dxe4 Nxe4 10.Bxg7 Kxg7 11.Nfd2 Nc5 12.Nc3 Nc6 13.a3
Be6 14.b4 Nd7 15.Rc1 Rb8 16.Nd5 Nce5 17.Qc2 c6 18.Nf4 Nf6 19.Qc3
Qe7 20.Rfd1 Rbd8 21.b5 Bf5 22.bxc6 bxc6 23.h3 g5 24.Nd3 c5 25.Nf1
Qe6 26.f4 gxf4 27.Nxf4 Qe7 28.g4 Bg6 29.Ng3 h6 30.Rf1 Kg8 31.Qd2
Kh7 32.Rf2 Nfd7 33.Nd5 Qg5 34.Qc3 Re6 35.Rcf1 Rb8 36.Be4 Kg8
37.Nf4 Ree8 38.Bxg6 fxg6 39.Ne4 Qh4 40.Nxd6 Rf8 41.Qe3 Qe7 42.Ne4
Nxc4 43.Nxg6 Nxe3 44.Nxe7+ Kg7 45.Rxf8 Rxf8 46.Rxf8 Kxf8 47.Nf5
Nc4 48.a4 a5 49.Nxh6 Nb2 50.Nf5 Nxa4 51.Kf2 Nab6 52.Ke3 Nd5+
53.Kd2 a4 54.Nc3 a3 55.Kc2 Nf4 56.h4 Ne5 57.g5 Kf7 58.e3 Ne6
59.Ne4 Kg6 60.Nfg3 Ng7 61.Kb3 Nf3 62.Kxa3 Nxh4 63.Nxc5 Kxg5 64.Kb4 1/2-1/2

[Event "Team men PL chess 2021"]
[Site "?"]
[Date "2021.05.08"]
[Round "7.2"]
[White "Matlakov, Maxim"]
[Black "Oparin, Grigoriy"]
[Result "1-0"]
[WhiteElo "2688"]
[BlackElo "2652"]
[PlyCount "69"]
[EventDate "2021.??.??"]

1.d4 Nf6 2.c4 e6 3.Nf3 d5 4.g3 Be7 5.Bg2 O-O 6.O-O dxc4 7.Qc2
b5 8.a4 b4 9.Ne5 Qxd4 10.Bxa8 Qxe5 11.Bf4 Qh5 12.Bf3 Ng4 13.Bxg4
Qxg4 14.Qxc4 e5 15.Qxc7 exf4 16.Qxe7 fxg3 17.Nd2 ( 17.hxg3 Nc6 )
gxh2+ ( 17...gxf2+ 18.Kxf2 Qd4+ 19.Qe3 Qxb2 ) 18.Kh1 Be6 19.f3
Qd4 20.Ne4 Qxb2 21.Rab1 Qe5 ( 21...Qxe2 22.Nf6+ gxf6 23.Rg1+
hxg1Q+ 24.Rxg1+ Kh8 25.Qxf8# ) 22.Qxb4 Nd7 23.Qe7 Bf5 24.Qxe5
Nxe5 25.Rb5 f6 26.Rb7 a5 27.Nd6 Bd7 28.Rc1 Bxa4 29.Rcc7 Bd7 30.Nc4
Bf5 31.Rxg7+ Kh8 32.Nxe5 fxe5 33.Rge7 e4 34.fxe4 Bg6 35.Ra7 1-0

[Event "Team men PL chess 2021"]
[Site "?"]
[Date "2021.05.08"]
[Round "7.3"]
[White "Timofeev, Artyom"]
[Black "Alekseenko, Kirill"]
[Result "1/2-1/2"]
[WhiteElo "2594"]
[BlackElo "2699"]
[PlyCount "78"]
[EventDate "2021.??.??"]

1.e4 c6 2.d4 d5 3.Nc3 dxe4 4.Nxe4 Bf5 5.Ng3 Bg6 6.Nf3 Nd7 7.Bd3
e6 8.O-O Ngf6 9.Re1 Be7 10.c4 O-O 11.Bf4 Re8 12.Bxg6 hxg6 13.Ne4
c5 14.Nxc5 Nxc5 15.dxc5 Bxc5 16.Qxd8 Raxd8 17.Kf1 Ng4 18.Re2
f6 19.h3 Nh6 20.Rd2 g5 21.Be3 Bxe3 22.fxe3 Nf5 23.Rxd8 Rxd8 24.Kf2
Kf7 25.Rc1 e5 26.Rc2 Ke7 27.c5 Ke6 28.b4 Rd1 29.Nd2 a6 30.Ke2
Rg1 31.g4 Ne7 32.Ne4 Rb1 33.a3 Ra1 34.Rc3 Nd5 35.Rb3 g6 36.Rd3
Rh1 37.Nf2 Rb1 38.Ne4 Rh1 39.Nf2 Rb1 1/2-1/2

[Event "Team men PL chess 2021"]
[Site "?"]
[Date "2021.05.08"]
[Round "7.4"]
[White "Fedoseev, Vladimir"]
[Black "Makhmutov, Rail"]
[Result "1-0"]
[WhiteElo "2687"]
[BlackElo "2450"]
[PlyCount "83"]
[EventDate "2021.??.??"]

1.Nf3 d5 2.g3 Bg4 3.Bg2 Nd7 4.h3 Bh5 5.d4 e6 6.O-O Ngf6 7.c4
c6 8.Qb3 Qb6 9.Nc3 Be7 10.Bf4 O-O 11.Rfc1 h6 12.c5 Qxb3 13.axb3
g5 14.Be3 Bg6 15.b4 a6 16.Nd2 Kh7 17.f3 Rfe8 18.Bf2 e5 19.e4
exd4 20.Bxd4 dxe4 21.fxe4 Nh5 22.Kh2 a5 23.Rxa5 Rxa5 24.bxa5
Nxc5 25.Rd1 Ng7 26.Nc4 Nge6 27.Be3 Rd8 28.Rxd8 Nxd8 29.b4 Na6
30.b5 cxb5 31.Nxb5 Bc5 32.Bd2 f6 33.Nbd6 Kg7 34.Bc3 Bb4 35.Bb2
Nc6 36.Nxb7 Nc5 37.Nxc5 Bxc5 38.e5 Nxe5 39.Nxe5 fxe5 40.Bxe5+
Kf7 41.Bb8 Bd3 42.Bb7 1-0

[Event "Team men PL chess 2021"]
[Site "?"]
[Date "2021.05.08"]
[Round "7.5"]
[White "Faizrakhmanov, Ramil"]
[Black "Ponkratov, Pavel"]
[Result "0-1"]
[WhiteElo "2487"]
[BlackElo "2624"]
[PlyCount "142"]
[EventDate "2021.??.??"]

1.d4 Nf6 2.c4 e6 3.Nf3 h6 4.Nc3 Bb4 5.Qb3 c5 6.dxc5 Nc6 7.a3
Bxc5 8.e3 b6 9.Be2 Bb7 10.O-O Qb8 11.Qc2 Ng4 12.g3 h5 13.b4 Be7
14.e4 h4 15.Bf4 e5 16.Bd2 Qd6 17.h3 Nf6 18.g4 Rc8 19.Nb5 Qb8
20.Qd3 Nd8 21.Nc3 Ba6 22.b5 Bb7 23.g5 Nh5 24.Nxh4 Ne6 25.Bxh5
Rxh5 26.Nf5 Bxg5 27.Rad1 Kf8 28.Ng3 Rh8 29.Bxg5 Nxg5 30.Qxd7
g6 31.Rd6 Nxh3+ 32.Kg2 Nf4+ 33.Kg1 Nh3+ 34.Kg2 Nf4+ 35.Kg1 Rc7
36.Qg4 Nh3+ 37.Kg2 Nf4+ 38.Kg1 Qc8 39.Qxc8+ Rxc8 40.Rd7 Rxc4
41.Rxb7 Rxc3 42.Rxa7 Kg7 43.a4 Rc2 44.Rb7 Ra8 45.Rxb6 Rxa4 46.Rc6
Rb2 47.Rc5 Raa2 48.Nh1 Kf6 49.Rc6+ Kg5 50.Ra6 Rxa6 51.bxa6 Ra2
52.Rb1 Rxa6 53.Rb5 f6 54.Rb3 Ra1+ 55.Kh2 Ne2 56.Ng3 Ra2 57.Nf1
Nf4 58.Rf3 Kg4 59.Rg3+ Kh4 60.Rf3 g5 61.Ne3 g4 62.Nf5+ Kg5 63.Rb3
Rxf2+ 64.Kh1 Ra2 65.Rb8 Nd3 66.Ng3 Kf4 67.Nh5+ Kf3 68.Rb1 Nf2+
69.Kg1 Nxe4 70.Rf1+ Rf2 71.Ra1 Rg2+ 0-1

[Event "Team men PL chess 2021"]
[Site "?"]
[Date "2021.05.08"]
[Round "7.6"]
[White "Goganov, Aleksey"]
[Black "Gaifullin, Artur"]
[Result "1/2-1/2"]
[WhiteElo "2582"]
[BlackElo "2450"]
[PlyCount "74"]
[EventDate "2021.??.??"]

1.e4 e5 2.Nf3 Nc6 3.Bb5 g6 4.c3 a6 5.Ba4 Bg7 6.O-O Nge7 7.d4
O-O 8.d5 Na7 9.c4 d6 10.Nc3 b5 11.cxb5 axb5 12.Nxb5 Nxb5 13.Bxb5
f5 14.a4 h6 15.Ra3 fxe4 16.Nd2 c6 17.dxc6 d5 18.Rc3 Qc7 19.Rc5
Be6 20.b4 Kh7 21.Nb1 e3 22.Bxe3 d4 23.Bc1 e4 24.Nd2 Bf5 25.Re1
e3 26.fxe3 dxe3 27.Nf3 Rad8 28.Qe2 Nd5 29.Qc4 Nf4 30.Bxe3 Nd3
31.Rxf5 Rxf5 32.Qxd3 Rxd3 33.Bxd3 Rxf3 34.gxf3 Qxc6 35.Be4 Qxa4
36.Kh1 Qxb4 37.Rg1 Qc3 1/2-1/2

[Event "Team men PL chess 2021"]
[Site "?"]
[Date "2021.05.08"]
[Round "7.7"]
[White "Dubov, Daniil"]
[Black "Andreikin, Dmitry"]
[Result "1/2-1/2"]
[WhiteElo "2710"]
[BlackElo "2725"]
[PlyCount "71"]
[EventDate "2021.??.??"]

1.d4 d5 2.c4 e6 3.Nf3 Nf6 4.g3 Bb4+ 5.Nbd2 O-O 6.Bg2 b6 7.O-O
Bb7 8.Ne5 Be7 9.b3 c5 10.dxc5 bxc5 11.Bb2 Nbd7 12.cxd5 exd5 13.Rc1
Nxe5 14.Bxe5 Qb6 15.Qc2 Rfe8 16.e3 Rad8 17.b4 Nd7 18.bxc5 Bxc5
19.Rb1 Qa6 20.Ba1 Bf8 21.Nb3 Rc8 22.Qf5 Nb6 23.Nd4 Qxa2 24.Rfd1
Rcd8 25.Qf4 Qa4 26.Bf1 Ba6 27.Bxa6 Qxa6 28.Nf5 Nc4 29.h4 Qg6
30.Rb5 Qc6 31.Rb3 Qg6 32.Rbd3 Nb6 33.Bd4 h5 34.Ra1 Rd7 35.Ra6
Re6 36.Rd1 1/2-1/2

[Event "Team men PL chess 2021"]
[Site "?"]
[Date "2021.05.08"]
[Round "7.8"]
[White "Dreev, Aleksey"]
[Black "Chigaev, Maksim"]
[Result "1/2-1/2"]
[WhiteElo "2647"]
[BlackElo "2631"]
[PlyCount "23"]
[EventDate "2021.??.??"]

1.d4 Nf6 2.Nf3 g6 3.g3 Bg7 4.Bg2 c5 5.c4 d5 6.cxd5 O-O 7.O-O
cxd4 8.Nxd4 Nxd5 9.Nc3 Nb6 10.Nb3 Nc6 11.Bf4 Qxd1 12.Raxd1 1/2-1/2

[Event "Team men PL chess 2021"]
[Site "?"]
[Date "2021.05.08"]
[Round "7.9"]
[White "Paravyan, David"]
[Black "Alekseev, Evgeny"]
[Result "1/2-1/2"]
[WhiteElo "2647"]
[BlackElo "2617"]
[PlyCount "57"]
[EventDate "2021.??.??"]

1.d4 Nf6 2.c4 e6 3.Nc3 Bb4 4.Qc2 O-O 5.Nf3 c5 6.dxc5 Na6 7.g3
Nxc5 8.Bg2 b6 9.O-O Bb7 10.Nb5 Be4 11.Qd1 Nb7 12.a3 Be7 13.Bf4
a6 14.Nc3 Bc6 15.b4 Rc8 16.Re1 a5 17.Qb3 Nd6 18.Nd2 Bxg2 19.Kxg2
Qc7 20.f3 Nh5 21.Be5 Qc6 22.b5 Qc5 23.Bxd6 Qxd6 24.Nde4 Qc7 25.Na4
f5 26.Nf2 Nf6 27.Rac1 Qb7 28.Qe3 Rb8 29.Rc3 1/2-1/2

[Event "Team men PL chess 2021"]
[Site "?"]
[Date "2021.05.08"]
[Round "7.10"]
[White "Zvjaginsev, Vadim"]
[Black "Riazantsev, Alexander"]
[Result "1/2-1/2"]
[WhiteElo "2614"]
[BlackElo "2631"]
[PlyCount "63"]
[EventDate "2021.??.??"]

1.e4 c5 2.Be2 Nc6 3.d3 g6 4.f4 Bg7 5.Nf3 d6 6.O-O Nf6 7.Qe1 e6
8.Qh4 Nd7 9.Qxd8+ Kxd8 10.c3 f5 11.Re1 Kc7 12.Bf1 Re8 13.e5 d5
14.d4 a6 15.dxc5 Nxc5 16.Be3 Ne4 17.c4 dxc4 18.Bxc4 b5 19.Bd3
Bb7 20.Bxe4 fxe4 21.Ng5 h6 22.Nf7 g5 23.fxg5 hxg5 24.Nd2 Nxe5
25.Rac1+ Kd7 26.Bd4 Nxf7 27.Bxg7 Nd6 28.Be5 Rac8 29.Rcd1 Bd5
30.Bxd6 Kxd6 31.Nxe4+ Ke7 32.Nc3 1/2-1/2

[Event "Team men PL chess 2021"]
[Site "?"]
[Date "2021.05.08"]
[Round "7.11"]
[White "Antipov, Mikhail Al"]
[Black "Rublevsky, Sergei"]
[Result "1/2-1/2"]
[WhiteElo "2609"]
[BlackElo "2642"]
[PlyCount "47"]
[EventDate "2021.??.??"]

1.e4 c5 2.Nf3 e6 3.d4 cxd4 4.Nxd4 a6 5.c4 Nf6 6.Nc3 Bb4 7.Qd3
d5 8.exd5 exd5 9.Qe3+ Be7 10.Qg3 Ne4 11.Qf3 Nc6 12.cxd5 Nxc3
13.dxc6 Qxd4 14.bxc3 Qc5 15.Be2 O-O 16.O-O Qxc6 17.Qxc6 bxc6
18.Rb1 Be6 19.a4 Bf6 20.Be3 a5 21.Rfc1 Rfb8 22.Bf3 Rxb1 23.Rxb1
Bxc3 24.Bxc6 1/2-1/2

[Event "Team men PL chess 2021"]
[Site "?"]
[Date "2021.05.08"]
[Round "7.12"]
[White "Sychev, Klementy"]
[Black "Kryakvin, Dmitry"]
[Result "0-1"]
[WhiteElo "2558"]
[BlackElo "2577"]
[PlyCount "134"]
[EventDate "2021.??.??"]

1.e4 c5 2.Nf3 Nc6 3.d4 cxd4 4.Nxd4 d6 5.Nc3 e5 6.Ndb5 a6 7.Na3
b5 8.Nd5 Nge7 9.Bd3 Nxd5 10.exd5 Ne7 11.O-O g6 12.c4 Bg7 13.cxb5
O-O 14.Re1 f5 15.Nc2 Kh8 16.bxa6 Nxd5 17.b4 e4 18.Bf1 Nxb4 19.Nxb4
Bxa1 20.Bh6 Bg7 21.Bxg7+ Kxg7 22.Qd5 Bd7 23.Rc1 Be8 24.Qd4+ Qf6
25.Rc7+ Rf7 26.Qb6 Rxc7 27.Qxc7+ Bf7 28.Qb7 Re8 29.a7 Qb2 30.Qb8
e3 31.fxe3 Qa3 32.Qb6 Qc1 33.Nc6 Kh6 34.Na5 Bd5 35.h3 Qxe3+ 36.Qxe3+
Rxe3 37.Nc4 Re7 38.Nb6 Rxa7 39.Nxd5 Rxa2 40.Kh2 Rd2 41.Ne3 Kg5
42.Nc4 Rd4 43.Kg3 Kf6 44.Kf3 d5 45.Nb2 h5 46.Nd3 h4 47.Be2 g5
48.Kf2 Ra4 49.Bf3 d4 50.Be2 Ra2 51.Nb4 Rb2 52.Nd3 Rd2 53.Ke1
Ra2 54.Kf1 Ra3 55.Ke1 Ke6 56.Kd2 Ra1 57.Bf3 Ra2+ 58.Ke1 Kd6 59.Kf1
Rc2 60.Nb4 Rc3 61.Ke2 Re3+ 62.Kd2 g4 63.hxg4 h3 64.Nd3 fxg4 65.Ba8
h2 66.g3 Rxg3 67.Nf2 Rg1 0-1

[Event "Team men PL chess 2021"]
[Site "?"]
[Date "2021.05.08"]
[Round "7.13"]
[White "Petrov, Nikita"]
[Black "Predke, Alexandr"]
[Result "1/2-1/2"]
[WhiteElo "2550"]
[BlackElo "2690"]
[PlyCount "29"]
[EventDate "2021.??.??"]

1.e4 c5 2.Nf3 e6 3.d4 cxd4 4.Nxd4 Nc6 5.Nb5 d6 6.c4 Nf6 7.N1c3
a6 8.Nd4 d5 9.exd5 exd5 10.Be2 Nxd4 11.Qxd4 dxc4 12.Qxd8+ Kxd8
13.Bxc4 Be6 14.Bxe6 fxe6 15.Ke2 1/2-1/2

[Event "Team men PL chess 2021"]
[Site "?"]
[Date "2021.05.08"]
[Round "7.15"]
[White "Makarian, Rudik"]
[Black "Sjugirov, Sanan"]
[Result "1/2-1/2"]
[WhiteElo "2481"]
[BlackElo "2663"]
[PlyCount "55"]
[EventDate "2021.??.??"]

1.d4 Nf6 2.c4 g6 3.Nc3 d5 4.Nf3 Bg7 5.h3 O-O 6.cxd5 Nxd5 7.e4
Nxc3 8.bxc3 c5 9.Be2 Nc6 10.Be3 cxd4 11.cxd4 Qa5+ 12.Bd2 Qa3
13.d5 Ne5 14.O-O Nxf3+ 15.Bxf3 a5 16.Re1 Bxa1 17.Qxa1 f6 18.e5
fxe5 19.Qxe5 Qd6 20.Qxe7 Qxe7 21.Rxe7 Rf7 22.Re8+ Rf8 23.Re5
Rf5 24.Re7 Rf7 25.Re8+ Rf8 26.Re1 Bxh3 27.Re7 Rxf3 28.gxf3 1/2-1/2

[Event "Team men PL chess 2021"]
[Site "?"]
[Date "2021.05.08"]
[Round "7.16"]
[White "Najer, Evgeniy"]
[Black "Afanasiev, Nikita"]
[Result "1/2-1/2"]
[WhiteElo "2648"]
[BlackElo "2522"]
[PlyCount "127"]
[EventDate "2021.??.??"]

1.e4 e5 2.Nf3 Nc6 3.Bb5 Nf6 4.O-O Nxe4 5.Re1 Nd6 6.Nxe5 Be7 7.Bf1
Nxe5 8.Rxe5 O-O 9.d4 Bf6 10.Re2 Re8 11.c3 Rxe2 12.Qxe2 Nf5 13.Bf4
c6 14.Nd2 d5 15.Re1 Be6 16.Nf3 Nh4 17.Ne5 Ng6 18.Nxg6 hxg6 19.Qd2
Qd7 20.Bg5 Bxg5 21.Qxg5 Re8 22.f3 Qd8 23.Qxd8 Rxd8 24.h4 Kf8
25.Kf2 Ke7 26.g4 Kd6 27.Bd3 b6 28.Kg3 Bd7 29.f4 Rh8 30.Re2 Bc8
31.Re5 Bd7 32.a3 f6 33.Re3 Re8 34.Rxe8 Bxe8 35.g5 Ke7 36.c4 dxc4
37.Bxc4 fxg5 38.fxg5 Bf7 39.Be2 Kd6 40.Kf4 a5 41.Ke3 Be6 42.Bd3
Bf7 43.Bc2 Ke7 44.Bd3 Kd6 45.Bb1 Be8 46.Ba2 Bd7 47.Bb1 Be8 48.Bc2
Bf7 49.Kf4 c5 50.Ke3 Be8 51.Bb3 Bd7 52.dxc5+ bxc5 53.Kf4 Bb5
54.Bf7 Bd3 55.Bg8 Bb5 56.Bb3 Bd3 57.Bf7 Bc2 58.Bc4 Ba4 59.b3
Be8 60.Bg8 Bb5 61.a4 Be2 62.Bh7 Bh5 63.Bg8 Bd1 64.Bc4 1/2-1/2

[Event "Team men PL chess 2021"]
[Site "?"]
[Date "2021.05.08"]
[Round "7.17"]
[White "Kukhmazov, Arsen"]
[Black "Grachev, Boris"]
[Result "1/2-1/2"]
[WhiteElo "2458"]
[BlackElo "2619"]
[PlyCount "44"]
[EventDate "2021.??.??"]

1.d4 d5 2.c4 c6 3.Nf3 Nf6 4.Nc3 e6 5.Bg5 Nbd7 6.e3 Qa5 7.Nd2
Bb4 8.Qc2 O-O 9.Be2 c5 10.O-O cxd4 11.exd4 dxc4 12.Bh4 Nb6 13.Nxc4
Nxc4 14.Bxc4 Bd7 15.Bxf6 gxf6 16.d5 Bxc3 17.dxe6 Bxe6 18.Bxe6
fxe6 19.bxc3 Rac8 20.c4 Qc5 21.Qe4 Qxc4 22.Qxb7 Rf7 1/2-1/2

[Event "Team men PL chess 2021"]
[Site "?"]
[Date "2021.05.08"]
[Round "7.18"]
[White "Popov, Ivan"]
[Black "Vetokhin, Savva"]
[Result "1/2-1/2"]
[WhiteElo "2630"]
[BlackElo "2270"]
[PlyCount "40"]
[EventDate "2021.??.??"]

1.e4 e5 2.Nf3 Nf6 3.Nxe5 d6 4.Nf3 Nxe4 5.Nc3 Nxc3 6.dxc3 Be7
7.Be3 O-O 8.Qd2 Nd7 9.O-O-O c6 10.h4 Re8 11.Bd3 d5 12.Rde1 Bc5
13.Bd4 Bxd4 14.cxd4 Nf6 15.Ne5 Ne4 16.Bxe4 dxe4 17.Nc4 Be6 18.Ne3
Qd6 19.Qc3 a5 20.a3 Red8 1/2-1/2

[Event "Team men PL chess 2021"]
[Site "?"]
[Date "2021.05.08"]
[Round "7.19"]
[White "Truskavetsky, Alexandr"]
[Black "Shubin, Kirill"]
[Result "1/2-1/2"]
[WhiteElo "2387"]
[BlackElo "2481"]
[PlyCount "103"]
[EventDate "2021.??.??"]

1.d4 e6 2.Nf3 Nf6 3.c4 c5 4.d5 d6 5.Nc3 exd5 6.cxd5 g6 7.h3 a6
8.a4 Qe7 9.Bf4 Nbd7 10.e3 Bg7 11.Be2 O-O 12.O-O Ne8 13.e4 Rb8
14.Qd2 Nc7 15.Rfe1 f6 16.Rab1 a5 17.Bg3 Ne5 18.Nh2 g5 19.Bg4
b5 20.Bxc8 Rfxc8 21.axb5 Nxb5 22.Nxb5 Rxb5 23.Bxe5 Qxe5 24.Ng4
Qe8 25.f3 Rcb8 26.Qc2 Rb4 27.Ne3 Qb5 28.Nf5 Bf8 29.h4 Rxb2 30.Rxb2
Qxb2 31.Qa4 Qd2 32.Rd1 Qe2 33.Ng3 Qe3+ 34.Kh1 gxh4 35.Nf5 Qb3
36.Ra1 Qxa4 37.Rxa4 h3 38.Rxa5 c4 39.Ra6 Rb2 40.Rc6 hxg2+ 41.Kg1
Rc2 42.Nd4 Rd2 43.Rxc4 h5 44.Nf5 Kf7 45.Rc7+ Kg6 46.f4 h4 47.Nxh4+
Kh5 48.Nxg2 Kg4 49.Rf7 Kf3 50.Nh4+ Kxf4 51.Rxf8 Kxe4 52.Rxf6 1/2-1/2